000 00543cam a2200205 4500
001 309279
005 20180314081639.0
008 740605s1974 ilua 001 0 eng
010 _a 73091788
020 _a0256015414
040 _aDLC
_cDLC
_dDLC
041 _aeng
080 _a658.1511 ANT
082 0 0 _a658.1511 ANT
_219
100 1 _a54
101 _aMEN
245 1 0 _aFundamentals of management accounting
_c[by] Robert N. Anthony and Glenn A. Welsch.
906 _a7
_bcbc
_corignew
_d2
_eopcn
_f19
_gy-gencatlg
942 _2ddc
_cBK
999 _c45008
_d45008